| 000 | 00778nam a22003130a 4500 | ||
|---|---|---|---|
| 001 | UByD001388 | ||
| 003 | AR-LpoUNG | ||
| 005 | 20230422102546.0 | ||
| 008 | 230420s2021||||ag |||||||||||||||||spa d | ||
| 020 | _a9789878698632 | ||
| 040 |
_aAR-LpoUNG _bspa _cAR-LpoUNG _eaacr |
||
| 041 | _aspa | ||
| 044 | _aag | ||
| 082 | 0 | _aA863 117lun | |
| 100 | 1 | _aCabrera, Carlos | |
| 245 | 1 | 0 | _aLuna de la biela |
| 250 | _a1ra. ed. | ||
| 260 |
_aSan Miguel : _bCarlos Alberto Cabrera, _c2021. |
||
| 300 | _a202 p. | ||
| 650 | 4 | _aLITERATURA | |
| 650 | 4 | _aARGENTINA | |
| 650 | 4 | _aPROSA | |
| 653 | 4 | _aLITERATURA ARGENTINA | |
| 653 | 4 | _aAUTORES LOCALES | |
| 700 | 1 | _aBorla, María Cristina | |
| 700 | 1 |
_aCzemerinski, Mario _epról. |
|
| 905 | _a55627 | ||
| 942 |
_cLIB _2ddc |
||
| 999 |
_c63945 _d63945 |
||